
Library Catalogue

| 000 -LEADER | |
|---|---|
| fixed length control field | 00460nam a22001697a 4500 |
| 003 - CONTROL NUMBER IDENTIFIER | |
| control field | OSt |
| 005 - DATE AND TIME OF LATEST TRANSACTION | |
| control field | 20260420111516.0 |
| 008 - FIXED-LENGTH DATA ELEMENTS--GENERAL INFORMATION | |
| fixed length control field | 260420b |||||||| |||| 00| 0 eng d |
| 020 ## - INTERNATIONAL STANDARD BOOK NUMBER | |
| International Standard Book Number | 9789354473630 |
| 040 ## - CATALOGING SOURCE | |
| Transcribing agency | . |
| 082 ## - DEWEY DECIMAL CLASSIFICATION NUMBER | |
| Classification number | 320.954 BAT |
| 100 ## - MAIN ENTRY--PERSONAL NAME | |
| Personal name | Batabyal Rakesh |
| 245 ## - TITLE STATEMENT | |
| Title | BUILDING A FREE INDIA DEFINING SPEECHES OF OUR INDEPENDENCE MOVEMENT THAT SHAPED THE NATION/ |
| Remainder of title | by Rakesh Batabyal |
| 300 ## - PHYSICAL DESCRIPTION | |
| Extent | PB |
| 365 ## - TRADE PRICE | |
| Price amount | Rs. 599 |
| 942 ## - ADDED ENTRY ELEMENTS (KOHA) | |
| Source of classification or shelving scheme | Dewey Decimal Classification |
| Koha item type | BOOKs |
| Withdrawn status | Lost status | Source of classification or shelving scheme | Damaged status | Not for loan | Home library | Current library | Date acquired | Total Checkouts | Full call number | Date last seen | Price effective from | Koha item type | Materials specified (bound volume or other part) | Shelving location | Source of acquisition | Cost, normal purchase price | Barcode |
|---|---|---|---|---|---|---|---|---|---|---|---|---|---|---|---|---|---|
| Dewey Decimal Classification | . | . | 20.04.2026 | 320.954 BAT | 20.04.2026 | 20.04.2026 | BOOKs | ||||||||||
| Dewey Decimal Classification | . | . | 20.04.2019 | 320.954 BAT | 20.04.2026 | 20.04.2019 | BOOKs | PB | General Stacks | Purchased | 599.00 | 38897 |